[Event "Satka Summer op"]
[Site "Satka"]
[Date "2013.07.06"]
[Round "5"]
[White "Kanakin, Konstantin"]
[Black "Shelokov, Valery"]
[Result "0-1"]
[WhiteElo "1987"]
[BlackElo "1982"]
[PlyCount "60"]
[EventDate "2013.07.02"]
[EventType "swiss"]
[EventRounds "9"]
[EventCountry "RUS"]
[SourceTitle "EXT 2014"]
[Source "ChessBase"]
[SourceDate "2013.11.20"]
[SourceVersion "1"]
[SourceVersionDate "2013.11.20"]
[SourceQuality "1"]

1. d4 Nf6 2. c4 g6 3. Nc3 d5 4. cxd5 Nxd5 5. e4 Nxc3 6. bxc3 Bg7 7. Nf3 0-0 8. Be2 c5 9. 0-0 Nc6 10. Be3 cxd4 11. cxd4 b6 12. Rc1 Bb7 13. d5 Ne5 14. Nxe5 Bxe5 15. Bd4 Qd6 16. Bxe5 Qxe5 17. Qd3 Rac8 18. Bg4 Rxc1 19. Rxc1 Qf4 20. Qd1 Qxe4 21. Rc7 Bxd5 22. Bf3 Qf4 23. Rxa7 Bxf3 24. gxf3 Qg5+ 25. Kf1 Rc8 26. Qd4 h5 27. Rd7 e6 28. Qxb6 Rc1+ 29. Ke2 Qe5+ 30. Kd2 Qc3+ 0-1

[Event "Satka Summer op"]
[Site "Satka"]
[Date "2013.07.04"]
[Round "3"]
[White "Kanakin, Konstantin"]
[Black "Soldatenkov, Anton"]
[Result "1-0"]
[WhiteElo "1987"]
[BlackElo "1796"]
[PlyCount "39"]
[EventDate "2013.07.02"]
[EventType "swiss"]
[EventRounds "9"]
[EventCountry "RUS"]
[SourceTitle "EXT 2014"]
[Source "ChessBase"]
[SourceDate "2013.11.20"]
[SourceVersion "1"]
[SourceVersionDate "2013.11.20"]
[SourceQuality "1"]

1. d4 d5 2. c4 e6 3. Nf3 Nf6 4. e3 Be7 5. Nbd2 0-0 6. b3 b6 7. Bb2 Bb7 8. Bd3 Nbd7 9. Qc2 c5 10. 0-0 Rc8 11. Ne5 h6 12. Rac1 cxd4 13. exd4 dxc4 14. bxc4 Nd5 15. Be4 Nxe5 16. dxe5 Qc7 17. cxd5 Qxc2 18. Rxc2 exd5 19. Rxc8 Rxc8 20. Bf5 1-0

[Event "Cheliabinsk-ch sf"]
[Site "Cheliabinsk"]
[Date "2012.12.13"]
[Round "1"]
[White "Mokshantsev, Anton"]
[Black "Kanakin, Konstantin"]
[Result "1/2-1/2"]
[WhiteElo "1700"]
[BlackElo "1983"]
[PlyCount "83"]
[EventDate "2012.12.13"]
[EventType "swiss"]
[EventRounds "9"]
[EventCountry "RUS"]
[SourceTitle "EXT 2022"]
[Source "ChessBase"]
[SourceDate "2021.10.06"]
[SourceVersion "1"]
[SourceVersionDate "2021.10.06"]
[SourceQuality "1"]

1. c4 c6 2. Nc3 d5 3. d4 Nf6 4. Nf3 e6 5. e3 Nbd7 6. Bd3 Be7 7. 0-0 0-0 8. e4 dxe4 9. Nxe4 Nxe4 10. Bxe4 h6 11. Bf4 Nf6 12. Bc2 b6 13. Qd2 Re8 14. Rad1 Bb7 15. Rfe1 c5 16. dxc5 Qxd2 17. Rxd2 Bxc5 18. a3 Rad8 19. b4 Be7 20. Red1 Rxd2 21. Rxd2 Rc8 22. Bb3 Ba6 23. Rc2 Rd8 24. Nd2 Bb7 25. f3 Rc8 26. Kf2 a5 27. Be3 axb4 28. axb4 Bxb4 29. Bxb6 Nd7 30. Bd4 Nb8 31. Ne4 Nc6 32. Bc5 Bxc5+ 33. Nxc5 Nd4 34. Nxb7 Nxc2 35. Bxc2 Rxc4 36. Bd3 Rb4 37. Nc5 Rb2+ 38. Be2 Kf8 39. Ke3 Ke7 40. g3 Rc2 41. Nd3 f6 42. h4 1/2-1/2

[Event "Chigorin Memorial 19th"]
[Site "St Petersburg"]
[Date "2011.10.22"]
[Round "9"]
[White "Harshkou, Mikita"]
[Black "Kanakin, Konstantin"]
[Result "1-0"]
[WhiteElo "2248"]
[BlackElo "1944"]
[PlyCount "67"]
[EventDate "2011.10.14"]
[EventType "swiss"]
[EventRounds "9"]
[EventCountry "RUS"]
[SourceTitle "CBM 144 Extra"]
[Source "ChessBase"]
[SourceDate "2011.10.28"]
[SourceVersion "1"]
[SourceVersionDate "2011.10.28"]
[SourceQuality "1"]

1. d4 d5 2. c4 c6 3. cxd5 cxd5 4. Nc3 Nf6 5. Bf4 Nc6 6. e3 a6 7. Rc1 Qb6 8. Bd3 e6 9. Nf3 Nh5 10. Be5 f6 11. Ng5 g6 12. Nxh7 Kf7 13. Nxf8 Nxe5 14. dxe5 Rxf8 15. exf6 Qxb2 16. 0-0 Bd7 17. Qg4 Nxf6 18. Bxg6+ Ke7 19. Qd4 Qa3 20. Bd3 Bc6 21. f4 Qd6 22. Nb1 Rh8 23. Nd2 Rag8 24. Nf3 Ng4 25. Ne5 Nxe5 26. fxe5 Qa3 27. Rxc6 bxc6 28. Qa7+ Kd8 29. Qb8+ Ke7 30. Qc7+ Ke8 31. Qxc6+ Kd8 32. Qa8+ Kc7 33. Rf7+ Kb6 34. Qb7+ 1-0

[Event "Chigorin Memorial 19th"]
[Site "St Petersburg"]
[Date "2011.10.17"]
[Round "4"]
[White "Kanakin, Konstantin"]
[Black "Pogosian, Vladimir"]
[Result "0-1"]
[WhiteElo "1944"]
[BlackElo "2166"]
[PlyCount "56"]
[EventDate "2011.10.14"]
[EventType "swiss"]
[EventRounds "9"]
[EventCountry "RUS"]
[SourceTitle "CBM 144 Extra"]
[Source "ChessBase"]
[SourceDate "2011.10.28"]
[SourceVersion "1"]
[SourceVersionDate "2011.10.28"]
[SourceQuality "1"]

1. d4 Nf6 2. c4 e5 3. dxe5 Ng4 4. Nf3 Bc5 5. e3 Nc6 6. Nbd2 Ncxe5 7. Be2 Nxf2 8. Kxf2 Ng4+ 9. Ke1 Nxe3 10. Qb3 Nxg2+ 11. Kd1 Qe7 12. Nf1 d6 13. Qc3 0-0 14. b4 Re8 15. Ng3 Bf2 16. Bf1 Bg4 17. Bxg2 Bxg3 18. Qd3 Be5 19. Rb1 Qf6 20. Rb3 a5 21. Rf1 a4 22. Ra3 Bb2 23. Bxb2 Qxb2 24. Bh1 Bf5 25. Qd2 Qxa3 26. Nd4 Re3 27. Nb5 Qd3 28. Rxf5 Qb1+ 0-1

[Event "Chigorin Memorial 19th"]
[Site "St Petersburg"]
[Date "2011.10.15"]
[Round "2"]
[White "Kanakin, Konstantin"]
[Black "Stukopin, Andrey"]
[Result "0-1"]
[WhiteElo "1944"]
[BlackElo "2438"]
[PlyCount "94"]
[EventDate "2011.10.14"]
[EventType "swiss"]
[EventRounds "9"]
[EventCountry "RUS"]
[SourceTitle "CBM 144 Extra"]
[Source "ChessBase"]
[SourceDate "2011.10.28"]
[SourceVersion "1"]
[SourceVersionDate "2011.10.28"]
[SourceQuality "1"]

1. d4 c5 2. d5 d6 3. e4 g6 4. Nc3 Bg7 5. a4 Nf6 6. Bb5+ Nbd7 7. f4 a6 8. Bd3 0-0 9. Nf3 Rb8 10. 0-0 b5 11. axb5 axb5 12. Bxb5 Nxe4 13. Nxe4 Rxb5 14. Qe2 Rb7 15. c3 Nf6 16. Nxf6+ Bxf6 17. Ng5 Bd7 18. Ne4 Bg7 19. Qf3 Qb6 20. Qg3 Bf5 21. Qf3 Bd7 22. Qg3 Qb3 23. Qf3 f5 24. Nd2 Qc2 25. Re1 Bf6 26. Nf1 Rbb8 27. Ne3 Qb3 28. Ra7 Rfd8 29. Qe2 Ra8 30. Qa6 Qb8 31. Rxa8 Qxa8 32. Qc4 Rb8 33. b4 Rc8 34. Qd3 cxb4 35. cxb4 Qa4 36. Bd2 Bb5 37. Qb1 Qa3 38. Qd1 Qd3 39. Bc1 Bc3 40. Qxd3 Bxd3 41. Rd1 Be2 42. Rd2 Bxd2 43. Bxd2 Kf7 44. Kf2 Bd3 45. Nd1 Rb8 46. g3 Be4 47. Ne3 Rb5 0-1

[Event "Cheliabinsk Kibizov Memorial 6th"]
[Site "Cheliabinsk"]
[Date "2011.06.29"]
[Round "6"]
[White "Kanakin, Konstantin"]
[Black "Gromak, Ivan"]
[Result "1/2-1/2"]
[WhiteElo "1925"]
[BlackElo "1815"]
[PlyCount "26"]
[EventDate "2011.06.24"]
[EventType "swiss"]
[EventRounds "9"]
[EventCountry "RUS"]
[SourceTitle "EXT 2022"]
[Source "ChessBase"]
[SourceDate "2021.10.06"]
[SourceVersion "1"]
[SourceVersionDate "2021.10.06"]
[SourceQuality "1"]

1. d4 d5 2. Bf4 Nf6 3. e3 e6 4. c4 c6 5. Nc3 Nbd7 6. Nf3 dxc4 7. Bxc4 b5 8. Bd3 b4 9. Ne4 Nd5 10. Nd6+ Bxd6 11. Bxd6 N7f6 12. Bc5 Nd7 13. Bd6 N7f6 1/2-1/2

[Event "UrFO-ch op"]
[Site "Cheliabinsk"]
[Date "2011.03.23"]
[Round "6"]
[White "Kanakin, Konstantin"]
[Black "Rodionov, Nikolai"]
[Result "1-0"]
[WhiteElo "1921"]
[BlackElo "1824"]
[PlyCount "61"]
[EventDate "2011.03.19"]
[EventType "swiss"]
[EventRounds "9"]
[EventCountry "RUS"]
[SourceTitle "EXT 2012"]
[Source "ChessBase"]
[SourceDate "2011.11.24"]
[SourceVersion "1"]
[SourceVersionDate "2011.11.24"]
[SourceQuality "1"]

1. d4 Nf6 2. c4 g6 3. Nf3 Bg7 4. g3 0-0 5. Bg2 d6 6. Nc3 Nbd7 7. 0-0 e5 8. e4 exd4 9. Nxd4 Nc5 10. h3 Re8 11. Re1 a5 12. Rb1 c6 13. Nb3 Nxb3 14. axb3 Be6 15. Bf4 Bf8 16. Qd2 Qb6 17. Qc2 Nd7 18. Rbd1 Nc5 19. Bxd6 Bxd6 20. Rxd6 Nxb3 21. Bf1 Nd4 22. Qd1 Rad8 23. e5 Nf5 24. c5 Qc7 25. Ne4 Kg7 26. Nf6 Rf8 27. Qc1 Nxd6 28. exd6 Qc8 29. Qc3 Kh6 30. Re4 g5 31. Ng4+ 1-0

[Event "Cheliabinsk-ch"]
[Site "Cheliabinsk"]
[Date "2011.01.13"]
[Round "1"]
[White "Frolov, Ivan"]
[Black "Kanakin, Konstantin"]
[Result "1-0"]
[WhiteElo "2202"]
[BlackElo "1922"]
[PlyCount "95"]
[EventDate "2011.01.13"]
[EventType "swiss"]
[EventRounds "9"]
[EventCountry "RUS"]
[SourceTitle "EXT 2012"]
[Source "ChessBase"]
[SourceDate "2011.11.24"]
[SourceVersion "1"]
[SourceVersionDate "2011.11.24"]
[SourceQuality "1"]

1. e4 d5 2. exd5 Qxd5 3. Nc3 Qa5 4. d4 Nf6 5. Nf3 Bg4 6. h3 Bh5 7. Bc4 Nbd7 8. Bd2 c6 9. g4 Bg6 10. Qe2 Qc7 11. 0-0-0 0-0-0 12. Ne5 e6 13. f4 Nb6 14. Bb3 Rxd4 15. h4 Be4 16. g5 Bxh1 17. Nxf7 Bd5 18. Nxh8 Ne4 19. Bxd5 exd5 20. Qg4+ Qd7 21. Qxd7+ Kxd7 22. Nxe4 Rxe4 23. Nf7 Nc4 24. Rf1 Ke8 25. g6 hxg6 26. Nh8 Nxd2 27. Kxd2 Bd6 28. Nxg6 Kf7 29. f5 Kf6 30. b3 Bg3 31. Nf8 Bf4+ 32. Kd3 Kxf5 33. Nd7 b6 34. c4 dxc4+ 35. bxc4 c5 36. Nb8 Re3+ 37. Kc2 Kg4 38. Nc6 Kxh4 39. Rxf4+ Kg3 40. Rf5 Kg4 41. Rf7 g5 42. Rxa7 Kg3 43. Ne7 Re5 44. Nd5 g4 45. Kd3 Kh2 46. Rh7+ Kg2 47. Ne3+ Kf3 48. Rf7+ 1-0

[Event "Cheliabinsk Postovalov Memorial 5th"]
[Site "Cheliabinsk"]
[Date "2011.01.09"]
[Round "7"]
[White "Kanakin, Konstantin"]
[Black "Matsenko, Andrei"]
[Result "0-1"]
[WhiteElo "1922"]
[BlackElo "2084"]
[PlyCount "78"]
[EventDate "2011.01.06"]
[EventType "swiss"]
[EventRounds "9"]
[EventCountry "RUS"]
[SourceTitle "CBM 140 Extra"]
[Source "ChessBase"]
[SourceDate "2011.03.01"]
[SourceVersion "1"]
[SourceVersionDate "2011.03.01"]
[SourceQuality "1"]

1. d4 d5 2. c4 c6 3. cxd5 cxd5 4. Nc3 Nf6 5. Nf3 Nc6 6. h3 e6 7. Bg5 Qb6 8. Bc1 Ne4 9. a3 Bd7 10. e3 Nxc3 11. bxc3 Rc8 12. Bd2 Bd6 13. Bd3 Na5 14. 0-0 Nc4 15. Bc1 Qa5 16. Bxc4 Rxc4 17. Bb2 Rc8 18. Nd2 0-0 19. e4 Bc6 20. e5 Be7 21. f4 f5 22. a4 Bd7 23. Qb3 Rc7 24. Rfc1 Rfc8 25. Kh1 Qa6 26. Ba3 Bxa4 27. Qb2 Bxa3 28. Rxa3 b5 29. Nb3 Qb6 30. Nc5 Rxc5 31. dxc5 Rxc5 32. Qb4 Qc7 33. Rxa4 bxa4 34. Qxa4 Kf7 35. Kh2 Rc4 36. Qd1 g6 37. Qd2 d4 38. Qf2 Rxc3 39. Rd1 d3 0-1

[Event "Cheliabinsk Region-ch"]
[Site "Cheliabinsk"]
[Date "2010.04.03"]
[Round "8"]
[White "Kanakin, Konstantin"]
[Black "Kibel, Denis"]
[Result "1/2-1/2"]
[WhiteElo "1952"]
[BlackElo "1937"]
[PlyCount "51"]
[EventDate "2010.03.27"]
[EventType "swiss"]
[EventRounds "9"]
[EventCountry "RUS"]
[SourceTitle "EXT 2012"]
[Source "ChessBase"]
[SourceDate "2011.11.24"]
[SourceVersion "1"]
[SourceVersionDate "2011.11.24"]
[SourceQuality "1"]

1. d4 d5 2. c4 c6 3. cxd5 cxd5 4. Nc3 Bf5 5. Qb3 e6 6. Qxb7 Nd7 7. Qb3 Ngf6 8. Nf3 Be7 9. e3 0-0 10. Be2 Qc7 11. a3 Rab8 12. Qd1 Rfc8 13. 0-0 Rb6 14. Bd3 Bg4 15. Na4 Rbb8 16. Bd2 e5 17. Rc1 Qd8 18. Rxc8 Rxc8 19. dxe5 Nxe5 20. Be2 Nc4 21. Bxc4 dxc4 22. Bc1 Qa5 23. Bd2 Qh5 24. h3 Bxf3 25. Qxf3 Qb5 26. Qd1 1/2-1/2